Estatísticas para 5 línguas mais faladas na Europa

Clique aqui para jogar o quiz

Estatísticas Gerais

  • Esse quiz foi jogado 369 vezes
  • A pontuação média é 5 de 5

Estatísticas das Respostas

%Idioma% Correto
38Inglês
97%
12Francês
95%
11Alemão
90%
7Espanhol
88%
5Russo
82%

Distribuição das Pontuações

Percentil de Números Respondidos

Porcentagem de Pessoas com Cada Pontuação

Sua Pontuação Histórica

Você não jogou esse quiz